| 000 | 00982nmc a2200337 a 4500 | ||
|---|---|---|---|
| 003 | AR-BaBNM | ||
| 005 | 20251128210225.0 | ||
| 008 | 011101s1998 ||||||||||||||000 | spa|| | ||
| 020 | _a84-8063-353-0 | ||
| 040 | _cAR-BaBNM | ||
| 100 | 1 | _aAlcañiz, Josep María | |
| 245 | 1 | 0 | _aSaber y goce en la educación especial |
| 250 | _a1ª ed. | ||
| 260 |
_aBarcelona _bEdiciones Octaedro _c1998 |
||
| 300 | 0 |
_a185 p. _bil. |
|
| 490 | 0 |
_aRepensar la educación _vv. 4 |
|
| 500 | 0 | _aEsta obra se editó por primera vez de forma experimental en Sendai ediciones | |
| 500 | 0 | _aReferencias de lectura p. 183-185 | |
| 650 | 4 | _aEDUCACION ESPECIAL | |
| 650 | 4 | _aPSICOLOGIA | |
| 650 | 4 | _aINCONSCIENTE | |
| 650 | 4 | _aPSICOSIS | |
| 650 | 4 | _aIDENTIFICACION | |
| 650 | 4 | _aRETARDO MENTAL | |
| 650 | 4 | _aPAPEL DE LA FAMILIA | |
| 700 | 1 | _aAndreu, Mariona | |
| 800 | 1 |
_aSancho, Juana María _edirector |
|
| 800 | 1 |
_aHernández, Fernando _edirector |
|
| 942 | _cBK | ||
| 998 | _cRaquel | ||
| 999 |
_c14577 _d14577 |
||